000 01388nam a2200265Ia 4500
003 OSt
005 20221013151657.0
008 191128s2015 fr ad gr 000 0 spa d
020 _a9789264265011
040 _aCO-JMCR
_cCO-JMCR
041 0 _aspa
082 0 4 _a330.98 /
_bB213p
_223
110 2 _aOCDE
_96178
245 1 0 _aPerspectivas económicas de América Latina 2017:
_bjuventud, competencias y emprendimiento /
_cOCDE, CEPAL y CAF
260 _a[Paris] :
_bOECD Publishing,
_c2015.
300 _a335 páginas :
_bgráficas a blanco y negro ;
_c28 cm.
505 0 _aMejorando la inclusión de los jóvenes a través de mejores competencias y más oportunidades de emprendimiento -- Perspectivas macroeconómicas para América latina y el caribe -- La inclusión de los jóvenes en América latina y sus principales retos
520 0 _aEn el texto se puede visualizar el gráfico de Variación del gasto primario en economías de América Latina en Colombia (2014 versus 2015). Por otra parte se puede visualizar los ingresos relativos de los trabajadores por nivel de educación alcanzado
650 1 4 _aDesarrollo económico y social
_zAmérica Latina
_ySiglo XXI
_96829
650 2 4 _a Educación
_xAspectos sociales
_zAmérica Latina
_ySiglo XXI
_96830
710 2 _aCEPAL
_912984
710 2 _aCAF
_942410
856 4 1 _uhttp://dx.doi.org/10.1787/leo-2017-es
942 _2ddc
_cBK
999 _c3903
_d3903